Statistics for 台北捷運車站地圖 Taipei Metro Map Quiz

Click here to take the quiz!

General Stats

  • This quiz has been taken 760 times
    (707 since last reset)
  • The average score is 71 of 123

Answers on the Map

Answers color-coded by a green-red scale on the quiz's map according to % correct below.
 

Answer Stats

Station% Correct
台北車站 Taipei Main Station
94%
淡水 Tamsui
93%
松山 Songshan
91%
西門 Ximen
88%
北投 Beitou
87%
動物園 Taipei Zoo
86%
台北101/世貿 Taipei 101/World Trade Center
84%
南港 Nangang
84%
新店 Xindian
84%
大安 Daan
82%
中山 Zhongshan
82%
中正紀念堂 Chiang Kai-Shek Memorial Hall
81%
士林 Shilin
81%
東門 Dongmen
80%
忠孝復興 Zhongxiao Fuxing
80%
板橋 Banqiao
79%
北門 Beimen
79%
新北投 Xinbeitou
79%
象山 Xiangshan
78%
南港展覽館 Taipei Nangang Exhibition Center
76%
中山國小 Zhongshan Elementary School
76%
中山國中 Zhongshan Junior High School
75%
大安森林公園 Daan Park
74%
小南門 Xiaonanmen
74%
忠孝新生 Zhongxiao Xinsheng
72%
松山機場 Songshan Airport
71%
古亭 Guting
70%
台電大樓 Taipower Building
70%
紅樹林 Hongshulin
69%
貓空 Maokong
69%
南京復興 Nanjing Fuxing
69%
台大醫院 NTU Hospital
69%
小碧潭 Xiaobitan
69%
圓山 Yuanshan
69%
公館 Gongguan
68%
龍山寺 Longshan Temple
68%
蘆洲 Luzhou
68%
劍潭 Jiantan
67%
內湖 Neihu
67%
台北小巨蛋 Taipei Arena
66%
中和 Zhonghe
66%
國父紀念館 Sun Yat-Sen Memorial Hall
65%
忠孝敦化 Zhongxiao Dunhua
65%
民權西路 Minquan West Road
64%
善導寺 Shandao Temple
64%
雙連 Shuanglian
64%
市政府 Taipei City Hall
64%
頂埔 Dingpu
62%
木柵 Muzha
62%
南勢角 Nanshijiao
62%
三重 Sanchong
62%
信義安和 Xinyi Anhe
62%
松江南京 Songjiang Nanjing
61%
大坪林 Dapinglin
59%
七張 Qizhang
59%
亞東醫院 Far Eastern Hospital
56%
迴龍 Huilong
56%
科技大樓 Technology Building
56%
江子翠 Jiangzicui
55%
石牌 Shipai
55%
土城 Tucheng
55%
新店區公所 Xindian District Office
55%
大橋頭 Daqiaotou
54%
三重國小 Sanchong Elementary School
54%
大直 Dazhi
53%
景美 Jingmei
52%
南京三民 Nanjing Sanmin
52%
關渡 Guandu
51%
台北橋 Taipei Bridge
51%
萬芳醫院 Wanfang Hospital
51%
新埔 Xinpu
51%
六張犁 Liuzhangli
50%
萬隆 Wanlong
50%
唭哩岸 Qilian
49%
新莊 Xinzhuang
49%
芝山 Zhishan
49%
行天宮 Xingtian Temple
48%
竹圍 Zhuwei
48%
復興崗 Fuxinggang
47%
新北產業園區 New Taipei Industrial Park
47%
奇岩 Qiyan
47%
萬芳社區 Wanfang Community
47%
永春 Yongchun
47%
永寧 Yongning
47%
輔大 Fu Jen University
45%
劍南路 Jiannan Road
45%
昆陽 Kunyang
45%
明德 Mingde
45%
東湖 Donghu
44%
府中 Fuzhong
44%
南港軟體園區 Nangang Software Park
44%
徐匯中學 Saint Ignatius High School
44%
幸福 Xingfu
44%
大湖公園 Dahu Park
43%
後山埤 Houshanpi
43%
景安 Jingan
43%
西湖 Xihu
43%
永安市場 Yongan Market
43%
十四張 Shisizhang
42%
忠義 Zhongyi
42%
動物園南 Taipei Zoo South
41%
頂溪 Dingxi
40%
麟光 Linguang
40%
三民高中 Sanmin Senior High School
40%
辛亥 Xinhai
40%
指南宮 Zhinan Temple
40%
海山 Haishan
39%
菜寮 Cailiao
38%
港墘 Gangqian
38%
先嗇宮 Xianse Temple
37%
新埔民生 Xinpu Minsheng
37%
板新 Banxin
36%
三和國中 Sanhe Junior High School
36%
丹鳳 Danfeng
35%
頭前莊 Touqianzhuang
35%
葫洲 Huzhou
34%
文德 Wende
34%
秀朗橋 Xiulang Bridge
32%
景平 Jingping
30%
橋和 Qiaohe
30%
中原 Zhongyuan
27%

Score Distribution

Percentile by Number Answered

Percent of People with Each Score

Your Score History

You have not taken this quiz since the last reset